| 000 -ლიდერი |
| ფიქსირებული სიგრძის საკონტროლო ველი |
00759nam a22001817a 4500 |
| 003 - საკონტროლო ნომრის იდენტიფიკატორი |
| საკონტროლო ველი |
Ge_BSU |
| 005 - ბოლო ოპერაციის თარიღი და დრო |
| საკონტროლო ველი |
20221202140817.0 |
| 008 - ფიქსირებული სიგრძის მონაცემთა ელემენტები - ზოგადი ინფორმაცია |
| ფიქსირებული სიგრძის საკონტროლო ველი |
221202s1983ge xxu||||| |||| 00| 0 geo d |
| 041 ## - ენის კოდი |
| Language code of text/sound track or separate title |
geo |
| 080 ## - უნივერსალური ათობითი კლასიფიკაციის ინდექსი |
| Universal Decimal Classification number |
792(=353.1) : 821.353.1-94 ვ-22 |
| 100 ## - მთავარი ჩანაწერი - პიროვნების სახელი |
| Personal name |
ვასაძე, აკაკი. |
| 9 (RLIN) |
16323 |
| 245 ## - ცნობა სათაურის შესახებ |
| Title |
მოგონებები. ფიქრები. |
| Remainder of title |
წ. 2 / |
| Statement of responsibility, etc |
აკაკი ვასაძე, რედ. ვ. ბურკაძე |
| 264 ## - წარმოების, გამოცემის, დისტრიბუციის და სხვა ცნობები |
| გამოცემის, წარმოების, დისტრიბუციის... ადგილი |
თბილისი : |
| გამოცემის, წარმოების, დისტრიბუციის... სახელწოდება |
საქ. თეატრ. საზ-ბა, |
| გამოცემის, წარმოების, დისტრიბუციის... თარიღი |
1983. |
| 300 ## - ფიზიკური აღწერა |
| Extent |
379 გვ. : |
| Other physical details |
19 ფ. ილ. |
| Dimensions |
22 სმ. |
| 653 ## - INDEX TERM--UNCONTROLLED |
| Uncontrolled term |
ქართული თეატრი. |
| 700 ## - ADDED ENTRY--PERSONAL NAME |
| Personal name |
ბურკაძე, ვ |
| Relator term |
რედაქტორი |
| 9 (RLIN) |
16324 |
| 942 ## - ADDED ENTRY ELEMENTS (KOHA) |
| Source of classification or shelving scheme |
|
| Koha item type |
წიგნი |